000 00315nam a22001457a 4500
008 221011b ||||| |||| 00| 0 eng d
020 _a9781557982599
041 _aeng
080 _a610
082 _a610 CAN
100 _a9
101 _aINF
245 _aETHICS FOR PSYCHOLOGISTS
_cCANTER M
942 _2udc
_cBK
999 _c58484
_d58484